00604 2200217 4500001002100000005001500021035002000036007000300056008004100059020002200100082001000122084001600132100002100148245010300169250001000272260004100282300002100323650001400344990001500358990001300373INLIS00000000000776620260602084502 a0010-0626000006ta260602 | | ind  a978-6-2-318-311-1 a658.8 a658.8 MOH p0 aMohammad Dimyati1 aPendekatan Hayati: Strategi Pemasaran Untuk Menghadapi Persaingan Yang Dinamis /cMohammad Dimyati aCet 1 aJakarta :bMItra Wacana Media,c2018 a228 hlm ;c24 cm 4aMarketing a310.2/2023 a310/2023